2020 Packers Playoff Roster - Statistics

General Stats
  • This quiz has been taken 49 times
  • The average score is 25 of 53
Answer Stats
Position Number Answer % Correct
QB #12 Aaron Rodgers
100%
RB #33 Aaron Jones
95%
WR #17 Davante Adams
95%
WR #13 Allen Lazard
88%
RB #30 Jamaal Williams
88%
QB #10 Jordan Love
88%
OLB #91 Preston Smith
85%
OLB #55 Za'Darius Smith
85%
WR #83 Marquez Valdes-Scantling
80%
TE #85 Robert Tonyan
80%
RB #28 A.J. Dillon
78%
CB #23 Jaire Alexander
75%
TE #89 Marcedes Lewis
70%
K #2 Mason Crosby
70%
SS #31 Adrian Amos
68%
FS #26 Darnell Savage
68%
NT #97 Kenny Clark
65%
CB #20 Kevin King
63%
WR #19 Equanimeous St. Brown
58%
P #6 J.K. Scott
55%
G #74 Elgton Jenkins
53%
OLB #52 Rashan Gary
53%
FS #36 Vernon Scott
53%
DE #94 Dean Lowry
50%
C #63 Corey Linsley
45%
TE #87 Jace Sternberger
43%
ILB #51 Krys Barnes
43%
T #77 Billy Turner
40%
WR #86 Malik Taylor
40%
KR #86 Malik Taylor
40%
QB #8 Tim Boyle
40%
TE #49 Dominique Dafney
38%
G #76 Jon Runyan
35%
ILB #54 Kamal Martin
35%
CB #39 Chandon Sullivan
30%
ILB #58 Christian Kirksey
28%
SS #41 Henry Black
28%
ILB #42 Oren Burks
28%
DE #95 Tyler Lancaster
25%
NT #98 Damon Harrison
23%
DE #96 Kingsley Keke
23%
CB #37 Josh Jackson
20%
WR #16 Tavon Austin
20%
PR #16 Tavon Austin
20%
ILB #44 Ty Summers
20%
LS #43 Hunter Bradley
18%
OLB #53 Jonathan Garvin
18%
G #62 Lucas Patrick
18%
T #71 Rick Wagner
18%
T #73 Yosh Nijman
18%
CB #29 Ka'dar Hollman
10%
OLB #56 Randy Ramsey
5%
G #64 Ben Braden
0%
No matching quizzes found
Score Distribution
Percent of People with Each Score
Percentile by Number Answered
Your Score History
You have not taken this quiz